| 000 | 00364cam a22001337a 4500 | ||
|---|---|---|---|
| 008 | 180718b1987 xxu||||| |||| 00| 0 eng d | ||
| 082 | _aO91x54 Sa69 | ||
| 245 |
_aEnvironment management in India _cedited by R.K. Sapru |
||
| 260 |
_aDelhi _bAshish _c1987 |
||
| 300 | _a2v. | ||
| 500 | _aContents: v.1. 288p. | ||
| 650 | _aEnvironment - India | ||
| 700 | _aSapru, R.K. | ||
| 999 |
_c353378 _d353378 |
||